[Event "XXXI Torre Memorial 2019"]
[Site "Merida"]
[Date "2019.12.14"]
[Round "1.2"]
[White "Llaudy Pupo, Lisandra"]
[Black "Cordova, Emilio"]
[Result "0-1"]
[WhiteElo "2284"]
[BlackElo "2585"]
[Annotator "TA"]
[PlyCount "60"]
[EventDate "2019.12.13"]
[EventType "swiss"]
[EventCountry "MEX"]
[SourceTitle "playchess.com"]
[Source "ChessBase"]
[SourceQuality "1"]

{[%evp 16,60,22,25,19,0,17,-29,0,-21,-17,-25,-7,-72,-74,-82,-84,-92,-98,-97,-95,-252,-256,-254,-264,-263,-43,-29,-46,-65,-60,0,54,-813,-796,-814,-814,-1166,-538,-1123,-1148,-1098,-1085,-1195,-1168,-1100,-1108]} 1. e4 c5 2. Nf3 Nc6 3. Bb5 e6 4. O-O Nge7 5. c3 a6 6. Ba4 b5 7. Bc2 Bb7 8. Re1 Rc8 9. a4 b4 {B30: Sicilian: 2...Nc6 3 Bb5, lines without ...g6} 10. d3 (10. d4 bxc3 11. d5 Nb4 12. bxc3 Nxc2 13. Qxc2 Ng6 14. c4 Be7 15. Nc3 O-O 16. Rb1 Rb8 17. Bd2 {½-½ (30) Wei,Y (2737)-Yu,Y (2734) Taizhou 2015}) 10... Ng6 11. Nbd2 Be7 {Black has an edge.} 12. Nc4 O-O 13. a5 $146 ({Predecessor:} 13. Bd2 d5 14. exd5 exd5 15. Ne3 bxc3 16. bxc3 d4 17. cxd4 Nxd4 18. Nxd4 cxd4 {0-1 (35) Kele,K (1989)-Wallach,N (2230) LSS email 2012}) 13... Qc7 14. Bb3 (14. h4 $11) 14... Rcd8 $17 15. e5 f6 {[%cal Rf6e5]} 16. d4 cxd4 17. cxd4 fxe5 18. dxe5 $2 {[#]} (18. Ncxe5 $17 Ngxe5 19. dxe5) 18... Rxf3 $1 $19 {[%mdl 512]} 19. gxf3 (19. Qxf3 Nxa5) 19... Rf8 20. Be3 Qd8 $2 (20... Ncxe5 $19 21. Nxe5 Nxe5) 21. Bb6 $15 Qe8 {Hoping for ...Nh4.} 22. Bc2 $1 Nh4 $1 {[%cal Rh4f3]} 23. Be4 Rf4 ({Black should try} 23... Nxa5 $11 24. Rxa5 Bxe4 25. fxe4 (25. Rxe4 Nxf3+ 26. Kf1 Qg6 $17) 25... Qg6+ 26. Kf1 Qg2+ 27. Ke2 Qxe4+ 28. Ne3 Qf3+ 29. Kd3 Qc6) 24. Ne3 $2 {[%mdl 8192] [#]} (24. Kf1 $14) 24... Rxe4 $1 $19 {[%mdl 512] Black is clearly winning.} 25. fxe4 Nxe5 26. Nf1 Nhf3+ (26... Nef3+ $142 27. Kh1 Qg6) 27. Kh1 Qg6 {[%csl Gf3][%cal Rg6g1]} 28. Ng3 {[#]} Qh6 $1 {[%csl Gf3][%cal Rh6h2][%mdl 512]} 29. Nf1 Qg5 {[%csl Gf3][%cal Rg5g1]} 30. Ng3 {[#]} Qh4 $1 {[%mdl 512] Accuracy: White = 30%, Black = 56%.} 0-1

[Event "XXXI Torre Memorial 2019"]
[Site "Merida"]
[Date "2019.12.14"]
[Round "1.3"]
[White "Quesada Perez, Yasser"]
[Black "Miranda Llanes, Yerisbel"]
[Result "0-1"]
[WhiteElo "2582"]
[BlackElo "2280"]
[Annotator "TA"]
[PlyCount "90"]
[EventDate "2019.12.13"]
[EventType "swiss"]
[EventCountry "MEX"]
[SourceTitle "playchess.com"]
[Source "ChessBase"]
[SourceQuality "1"]

{[%evp 10,90,0,0,13,8,28,12,22,-18,24,0,46,6,37,7,15,12,25,20,44,40,53,9,26,35,50,0,0,-62,-49,-52,-50,-89,-37,-47,-60,-60,-72,-45,-29,-51,-34,-100,-64,-94,-97,-131,-145,-142,-124,-134,-118,-136,-105,-107,-103,-156,-9,-9,-7,-7,-4,-15,-7,-221,-78,-284,-8,-188,-159,-805,-193,-976,-968,-1517,-465,-5331,-4978,-29997,-29998,-29998,-29999]} 1. e4 e5 2. Nf3 Nc6 3. Nc3 Nf6 4. Bb5 Bc5 5. Bxc6 dxc6 6. d3 Bg4 {C48: Four Knights: 4 Bb5, replies other than 4...Bb4} (6... O-O 7. Be3 Bd6 8. Bg5 Re8 9. h3 c5 10. Nd5 Be7 11. Nxe7+ Qxe7 12. O-O h6 13. Be3 Nd7 14. Nd2 {1-0 (29) Carlsen,M (2837)-Karjakin,S (2760) Riadh 2017}) 7. h3 Be6 8. O-O $146 ({Predecessor:} 8. Nxe5 Qd4 9. Be3 Qxe5 10. Bxc5 Qxc5 11. d4 Qg5 12. g3 O-O-O 13. Qd3 c5 14. d5 {0-1 (24) Seketa,M-Dubrovic,R (1456) Osijek 2012}) 8... Nd7 {The position is equal.} 9. Be3 Bd6 10. a3 c5 11. Ne2 O-O 12. b3 Nb8 13. b4 cxb4 14. axb4 f6 15. c3 b6 16. Nh4 Nd7 17. Nf5 Re8 18. g4 Bf8 19. Kh1 (19. b5 $11) 19... a5 $15 20. bxa5 bxa5 21. Neg3 Nc5 (21... g6 $17 22. Nh4 Nc5 23. Bxc5 Bxc5) 22. Bxc5 $1 Bxc5 23. d4 exd4 24. cxd4 Bb4 25. d5 Bd7 26. Qf3 ({White should play} 26. Qd4 $15) 26... a4 27. Rfc1 g6 28. Rc4 Bf8 ({Worse is} 28... gxf5 29. Rxb4 Qe7 30. Qc3 $11) 29. Nd4 Bd6 30. Kg2 Qe7 31. Ra2 Rab8 32. e5 Bxe5 33. Ne4 ({White should try} 33. Nc6 Bxc6 34. Rxc6) 33... Kg7 (33... Bxd4 $1 $17 34. Rxd4 Rf8) 34. Nc6 $11 Bxc6 $1 35. Rxc6 Rb3 36. Qd1 $1 Qb4 $36 {[%mdl 2048] White is under pressure.} 37. Qc2 $2 (37. Re2 $1 $11 {and White stays safe.}) 37... Qd4 (37... f5 $1 $19 {[%cal Rf5e4] and Black stays clearly on top.} 38. d6 Qxe4+ 39. Qxe4 fxe4 40. dxc7 Rc8 41. Rxa4 Rxc7 42. Rxc7+ Bxc7 43. Rxe4 Kf6) 38. Re6 $2 (38. Ra6 $17 {was worth a try.}) 38... Rd8 $2 {[#]} (38... Reb8 $19 39. Re7+ Kh8) 39. Re7+ $2 (39. d6 $1 $11 {[%mdl 512]} Rxd6 (39... cxd6 40. Qc7+) 40. Re7+ Kf8 41. Rxc7) 39... Kh8 40. f4 $2 (40. g5 $17) 40... Bxf4 $2 (40... Qe3 41. fxe5 Qxh3+ 42. Kg1 Qxg4+ 43. Qg2 Rb1+ 44. Kf2 Qh4+ 45. Ke3 Rb3+ 46. Kd2 f5) 41. Qc6 $2 (41. Qf2 Qe3 42. Qxe3 Rxe3 43. Rxa4) 41... Be5 $19 42. Re2 {[#]} Qxd5 (42... Qd3 $142 $1 43. Re8+ {[#]} Kg7 $1 {[%mdl 512]} 44. Re7+ Kf8 $1 {[%mdl 512]}) 43. Qxa4 {[#]} (43. Qxd5 $142 Rxd5 44. Rf2) 43... Qd3 $1 {[%mdl 64] ( -> ...Qf3+). Double Attack} 44. Kf2 Qf3+ 45. Ke1 Rb1+ {Accuracy: White = 20%, Black = 35%.} 0-1

[Event "XXXI Torre Memorial 2019"]
[Site "Merida"]
[Date "2019.12.14"]
[Round "1.4"]
[White "Tello Chavez, Isaac Valent"]
[Black "Albornoz Cabrera, Carlos Daniel"]
[Result "0-1"]
[WhiteElo "2274"]
[BlackElo "2555"]
[Annotator "TA"]
[PlyCount "78"]
[EventDate "2019.12.13"]
[EventType "swiss"]
[EventCountry "MEX"]
[SourceTitle "playchess.com"]
[Source "ChessBase"]
[SourceQuality "1"]

{[%evp 15,78,30,39,35,43,41,68,27,57,61,70,66,74,36,41,45,54,0,26,-32,-15,-13,30,-37,-36,-39,-39,-40,-32,-41,0,0,0,0,0,-6,12,-42,-29,-48,-23,-27,-26,-46,-28,-105,-99,-94,-130,-258,-173,-208,-133,-164,-133,-191,-201,-272,-266,-260,-261,-307,-299,-509,-481]} 1. c4 Nf6 2. Nc3 g6 3. g3 Bg7 4. Bg2 d6 5. e3 O-O 6. Nge2 e5 7. d4 Nfd7 8. O-O Nc6 9. h3 {E61: King's Indian: Early deviations for White, including Smyslov System} (9. b3 f5 10. Nd5 f4 11. exf4 exd4 12. Bb2 d3 13. Nec3 Nd4 14. Qxd3 Nc5 15. Qd2 Bh3 16. Nxc7 Qxc7 {1-0 (24) Kvon,A (2500)-Quinones Maletti,J (2200) Helsingor 2017}) 9... Re8 10. b3 $146 ({Predecessor:} 10. f4 exd4 11. exd4 Nb6 12. b3 Qf6 13. Nb5 Qe7 14. Rf2 a6 15. Na3 Bf5 16. g4 Be4 17. Bxe4 Qxe4 {0-1 (35) Gerstenfeld,E-Tolush,A Rostov on Don 1941}) 10... Nb6 11. Bb2 {White is slightly better.} h5 12. d5 Nb8 {[%cal Bc6b8,Bb8a6,Ba6b4][%mdl 32]} 13. e4 a5 14. Nc1 Na6 15. Nd3 h4 16. f4 (16. Bc1 $14) 16... Nb4 17. Ne2 (17. g4 $11) 17... hxg3 $15 18. fxe5 Qg5 {White must now prevent ...Qe3+.} 19. Nxb4 (19. Rf3 $11 Nxd3 20. Qxd3 Bxe5 21. Bxe5 Qxe5 {[%mdl 64] Double Attack} 22. Raf1) 19... axb4 {[#]} 20. e6 $1 {[%mdl 512]} fxe6 21. Bxg7 Kxg7 22. Rf3 $1 Bd7 23. Rxg3 Qe5 {And now ...exd5 would win.} 24. Qd4 exd5 25. exd5 Bf5 (25... Nc8 {looks sharper.} 26. h4 Ne7 27. h5 Rh8 28. Re3 Nf5) 26. Qxe5+ (26. Rf1 $11 Rf8 27. Re3 Qxd4 28. Nxd4) 26... dxe5 27. Re3 Nd7 28. Ng3 Nc5 29. Rf1 Bc2 30. Ne4 {[#]} (30. Be4 $1 $11 Rxa2 31. Bxc2 Rxc2 32. Rf2 Rxf2 33. Kxf2) 30... Bxe4 $1 $17 31. Bxe4 Rxa2 32. Kh1 (32. Bxg6 $17 {was necessary.} Kxg6 33. Rg3+ Kh5 34. Rf5+ Kh6 35. Rf6+ Kh7 36. Rf7+ Kh8 37. Rxc7) 32... Ra6 33. Kh2 Re7 34. Kg3 Rf7 35. Rfe1 (35. Rd1 $17) 35... Ra2 $19 36. Bf3 Rb2 37. Bd1 e4 38. R1e2 {[#]} Rxe2 $1 39. Bxe2 $2 (39. Rxe2 {was the only chance.} Rf3+ 40. Kg4) 39... Kf6 {Accuracy: White = 34%, Black = 46%.} 0-1

[Event "XXXI Torre Memorial 2019"]
[Site "Merida"]
[Date "2019.12.14"]
[Round "1.6"]
[White "Mendez Fortes, Eduardo Jesus"]
[Black "Ortiz Suarez, Isan Reynaldo"]
[Result "0-1"]
[WhiteElo "2249"]
[BlackElo "2549"]
[Annotator "TA"]
[PlyCount "36"]
[EventDate "2019.12.13"]
[EventType "swiss"]
[EventCountry "MEX"]
[SourceTitle "playchess.com"]
[Source "ChessBase"]
[SourceQuality "1"]

{[%evp 15,62,22,22,0,0,0,0,0,-30,-4,-3,-4,-27,-27,-38,-61,-38,-144,-136,-156,-103,-118,-89,-223,-225,-218,-218,-220,-216,-209,-195,-210,-200,-238,-215,-212,-191,-198,-193,-173,-179,-205,-201,-213,-227,-253,-237,-269,-297]} 1. e4 c5 2. Nf3 d6 3. d4 cxd4 4. Nxd4 Nf6 5. Nc3 a6 6. Bg5 e6 7. f4 h6 8. Bh4 Qb6 9. Qd3 {B96: Sicilian Najdorf: 6 Bg5 e6 7 f4, lines other than 7...Qb6 and 7...Be7} ({Better is} 9. a3) (9. a3 Be7 10. Bf2 Qc7 11. Qf3 Nbd7 12. O-O-O b5 13. g4 Bb7 14. h4 Nc5 15. Bd3 d5 16. e5 Nfe4 17. Be1 {1-0 (45) Wei,Y (2737)-Lu,S (2619) Changsha 2019}) 9... Qxb2 $11 10. Rb1 Qa3 11. f5 {The position is equal.} Be7 12. fxe6 $1 Bxe6 13. Nxe6 fxe6 14. e5 dxe5 {[#]} 15. Be2 $146 {Strongly threatening Bxf6.} ({Predecessor:} 15. Bxf6 gxf6 16. Be2 e4 {½-½ (30) Asadli,V (2502)-Yilmaz,M (2618) Konya 2019}) 15... Nbd7 16. O-O {[#]} ({But not} 16. Rxb7 $2 O-O $19) (16. Bxf6 $1 $15 Nxf6 17. Qg6+ (17. Rxb7 O-O $17) 17... Kd8 18. Rb3) 16... O-O $1 $17 17. Qh3 Qc5+ (17... Nc5 $142 18. Nd5 Qxh3 19. Nxe7+ Kf7 20. gxh3 Kxe7) 18. Kh1 b5 {Played: Qc5-c6} 0-1

[Event "XXXI Torre Memorial 2019"]
[Site "Merida"]
[Date "2019.12.14"]
[Round "1.7"]
[White "Gonzalez Zamora, Juan Carlos"]
[Black "Gongora Montes, Benjamin"]
[Result "1/2-1/2"]
[WhiteElo "2535"]
[BlackElo "2216"]
[Annotator "ChessBase"]
[PlyCount "48"]
[EventDate "2019.12.13"]
[EventType "swiss"]
[EventCountry "MEX"]
[SourceTitle "playchess.com"]
[Source "ChessBase"]
[SourceQuality "1"]
[TimeControl "5400+30"]

1. Nf3 {[%emt 0:01:47]} g6 {[%emt 0:00:54]} 2. d4 {[%emt 0:00:30]} Nf6 {[%emt 0:00:30]} 3. c4 {[%emt 0:03:32]} Bg7 {[%emt 0:00:34]} 4. Nc3 {[%emt 0:00:10]} d5 {[%emt 0:00:06]} 5. cxd5 {[%emt 0:01:22]} Nxd5 {[%emt 0:00:04]} 6. Bd2 {[%emt 0:00:59]} Nf4 {[%emt 0:05:41]} 7. Bxf4 {[%emt 0:00:20]} Nc6 {[%emt 0:00:30]} 8. e3 {[%emt 0:00:09]} O-O {[%emt 0:00:50]} 9. Bb5 {[%emt 0:03:01]} Bd7 {[%emt 0:05:41]} 10. O-O {[%emt 0:00:24]} Na5 {[%emt 0:12:19]} 11. Rc1 {[%emt 0:01:06]} Rc8 {[%emt 0:00:37]} 12. Qe2 {[%emt 0:01:39]} c5 {[%emt 0:08:45]} 13. Rfd1 {[%emt 0:04:08]} c4 {[%emt 0:06:08]} 14. Ng5 {[%emt 0:04:09]} Bf5 {[%emt 0:03:37]} 15. e4 Bd7 {[%emt 0:00:06]} 16. Bxd7 {[%emt 0:01:41]} Qxd7 {[%emt 0:01:28]} 17. d5 {[%emt 0:04:14]} Qf5 {[%emt 0:01:08]} 18. Na4 {[%emt 0:08:43]} Qxf4 {[%emt 0:00:30]} 19. Nf3 {[%emt 0:00:03]} b5 {[%emt 0:01:26]} 20. Nc3 {[%emt 0:00:06]} b4 {[%emt 0:00:12]} 21. Nb5 {[%emt 0:01:39]} Rc5 {[%emt 0:05:16]} 22. Nxa7 {[%emt 0:03:51]} Ra8 {[%emt 0:06:29]} 23. g3 {[%emt 0:00:32]} Qg4 {[%emt 0:11:20]} 24. Qe3 {[%emt 0:00:54]} Nb7 {[%emt 0:00:13]} 1/2-1/2

[Event "XXXI Torre Memorial 2019"]
[Site "Merida"]
[Date "2019.12.14"]
[Round "1.9"]
[White "Obregon Rivero, Juan Carlos"]
[Black "Morales Garcia, Sergio Joshafatt"]
[Result "0-1"]
[WhiteElo "2513"]
[BlackElo "2209"]
[Annotator "ChessBase"]
[PlyCount "115"]
[EventDate "2019.12.13"]
[EventType "swiss"]
[EventCountry "MEX"]
[SourceTitle "playchess.com"]
[Source "ChessBase"]
[SourceQuality "1"]
[TimeControl "5400+30"]

1. Nf3 {[%emt 0:01:15]} Nf6 {[%emt 0:00:00]} 2. g3 {[%emt 0:00:10]} d5 {[%emt 0:03:11]} 3. Bg2 {[%emt 0:00:09]} c6 {[%emt 0:01:27]} 4. O-O {[%emt 0:00:12]} Bg4 {[%emt 0:00:12]} 5. d4 {[%emt 0:00:24]} Nbd7 {[%emt 0:00:22]} 6. c4 {[%emt 0:00:29]} e6 {[%emt 0:00:06]} 7. Qb3 {[%emt 0:00:56]} Qb6 {[%emt 0:00:27]} 8. Nc3 {[%emt 0:00:12]} h6 {[%emt 0:00:22]} 9. c5 {[%emt 0:00:35]} Qc7 {[%emt 0:00:43]} 10. Bf4 {[%emt 0:00:20]} Qc8 {[%emt 0:00:04]} 11. Rac1 {[%emt 0:01:25]} Be7 {[%emt 0:00:12]} 12. Nd2 {[%emt 0:04:01]} O-O {[%emt 0:18:50]} 13. e4 {[%emt 0:02:43]} Re8 {[%emt 0:01:31]} 14. e5 {[%emt 0:01:39]} Nh7 {[%emt 0:00:51]} 15. h3 {[%emt 0:00:10]} Bf5 {[%emt 0:00:17]} 16. g4 {[%emt 0:00:14]} Bg6 {[%emt 0:02:14]} 17. Bg3 {[%emt 0:00:22]} f5 {[%emt 0:00:57]} 18. f4 {[%emt 0:01:35]} Kh8 {[%emt 0:00:55]} 19. Nd1 {[%emt 0:00:24]} Rg8 {[%emt 0:02:57]} 20. Ne3 {[%emt 0:00:34]} Nhf8 {[%emt 0:00:09]} 21. Nf3 {[%emt 0:18:50]} Bh7 {[%emt 0:03:34]} 22. Rf2 {[%emt 0:03:45]} Qc7 {[%emt 0:08:44]} 23. gxf5 {[%emt 0:02:56]} Bxf5 {[%emt 0:00:05]} 24. h4 {[%emt 0:06:24]} g6 {[%emt 0:01:39]} 25. h5 {[%emt 0:01:27]} gxh5 {[%emt 0:04:36]} 26. Nxf5 {[%emt 0:01:01]} exf5 {[%emt 0:00:03]} 27. Bh2 {[%emt 0:01:34]} Ne6 {[%emt 0:00:54]} 28. Kh1 {[%emt 0:01:01]} Raf8 {[%emt 0:08:14]} 29. Bh3 {[%emt 0:00:53]} Rf7 {[%emt 0:02:06]} 30. Qd3 {[%emt 0:00:25]} Rg4 {[%emt 0:00:13]} 31. Rg1 {[%emt 0:03:24]} Ndf8 {[%emt 0:04:58]} 32. Bxg4 {[%emt 0:01:11]} hxg4 {[%emt 0:00:03]} 33. Ne1 {[%emt 0:00:55]} h5 {[%emt 0:02:10]} 34. Nc2 {[%emt 0:01:45]} h4 {[%emt 0:02:31]} 35. Rfg2 {[%emt 0:03:43]} Qd7 36. Ne3 {[%emt 0:03:45]} Ng7 {[%emt 0:04:55]} 37. b4 {[%emt 0:02:12]} Nfe6 {[%emt 0:01:37]} 38. Nxg4 {[%emt 0:01:06]} fxg4 {[%emt 0:05:08]} 39. Qg6 {[%emt 0:00:02]} Bd8 {[%emt 0:06:49]} 40. Rxg4 {[%emt 0:03:30]} Nxd4 {[%emt 0:01:49]} 41. Qd3 {[%emt 0:11:31]} Ndf5 {[%emt 0:01:34]} 42. Rg6 {[%emt 0:00:26]} d4 {[%emt 0:06:57]} 43. R1g2 {[%emt 0:00:30]} Qd5 {[%emt 0:01:16]} 44. Kg1 {[%emt 0:00:01]} b6 {[%emt 0:01:57]} 45. cxb6 {[%emt 0:04:11]} axb6 {[%emt 0:00:53]} 46. Qd1 {[%emt 0:05:15]} c5 {[%emt 0:02:24]} 47. e6 {[%emt 0:02:45]} Ra7 {[%emt 0:00:26]} 48. bxc5 {[%emt 0:09:14]} bxc5 {[%emt 0:00:04]} 49. Rb2 {[%emt 0:00:28]} Rxa2 {[%emt 0:00:55]} 50. Rxa2 {[%emt 0:02:08]} Qxa2 {[%emt 0:00:01]} 51. Qe1 {[%emt 0:00:22]} Be7 {[%emt 0:01:15]} 52. Rg2 {[%emt 0:00:56]} Qd5 {[%emt 0:00:22]} 53. Qe5 {[%emt 0:00:26]} Qxe5 {[%emt 0:00:21]} 54. fxe5 {[%emt 0:00:01]} c4 {[%emt 0:00:21]} 55. Bf4 {[%emt 0:00:34]} Nxe6 {[%emt 0:00:24]} 56. Bc1 {[%emt 0:00:01]} c3 {[%emt 0:00:15]} 57. Rg6 {[%emt 0:01:27]} d3 {[%emt 0:00:19]} 58. Rg2 {[%emt 0:00:19]} 0-1

[Event "XXXI Torre Memorial 2019"]
[Site "Merida"]
[Date "2019.12.14"]
[Round "1.11"]
[White "Santiago, Yago De Moura"]
[Black "Gonzalez Ochoa, Yoana"]
[Result "1-0"]
[WhiteElo "2479"]
[BlackElo "2200"]
[Annotator "ChessBase"]
[PlyCount "101"]
[EventDate "2019.12.13"]
[EventType "swiss"]
[EventCountry "MEX"]
[SourceTitle "playchess.com"]
[Source "ChessBase"]
[SourceQuality "1"]
[TimeControl "5400+30"]

1. d4 {[%emt 0:07:11]} d5 {[%emt 0:00:18]} 2. c4 {[%emt 0:00:20]} c6 {[%emt 0:00:08]} 3. Nf3 {[%emt 0:00:12]} Nf6 {[%emt 0:00:08]} 4. Qc2 {[%emt 0:00:45]} g6 {[%emt 0:00:28]} 5. Bf4 {[%emt 0:01:50]} Bg7 {[%emt 0:00:19]} 6. e3 {[%emt 0:00:25]} O-O {[%emt 0:00:28]} 7. Bd3 {[%emt 0:03:29]} dxc4 {[%emt 0:00:28]} 8. Bxc4 {[%emt 0:01:57]} Bf5 {[%emt 0:00:29]} 9. Qb3 {[%emt 0:02:29]} b5 {[%emt 0:02:32]} 10. Be2 {[%emt 0:00:24]} Qa5+ {[%emt 0:01:35]} 11. Nc3 {[%emt 0:01:49]} Be6 {[%emt 0:00:50]} 12. Qd1 {[%emt 0:16:41]} b4 {[%emt 0:04:56]} 13. Na4 {[%emt 0:06:55]} b3+ {[%emt 0:02:50]} 14. Nc3 {[%emt 0:00:43]} bxa2 {[%emt 0:01:18]} 15. O-O {[%emt 0:01:01]} h6 {[%emt 0:08:05]} 16. Nxa2 {[%emt 0:04:15]} Bxa2 {[%emt 0:01:58]} 17. Bc4 {[%emt 0:00:25]} Qb4 {[%emt 0:00:39]} 18. Bxa2 {[%emt 0:00:16]} Nd5 {[%emt 0:00:52]} 19. Qc2 {[%emt 0:17:25]} Nxf4 {[%emt 0:01:00]} 20. exf4 {[%emt 0:00:02]} e6 {[%emt 0:00:26]} 21. h4 {[%emt 0:00:40]} h5 {[%emt 0:01:33]} 22. Bb1 {[%emt 0:02:15]} Qd6 {[%emt 0:01:24]} 23. Ra5 {[%emt 0:00:41]} Qxf4 {[%emt 0:02:35]} 24. Rxh5 {[%emt 0:00:39]} Rd8 {[%emt 0:04:36]} 25. Ra5 {[%emt 0:02:50]} Rd5 {[%emt 0:01:06]} 26. Rxd5 {[%emt 0:00:32]} exd5 {[%emt 0:00:43]} 27. h5 {[%emt 0:04:12]} gxh5 {[%emt 0:00:13]} 28. Re1 {[%emt 0:01:02]} Nd7 {[%emt 0:01:20]} 29. Qxc6 {[%emt 0:03:13]} Nb6 {[%emt 0:00:07]} 30. Qc2 {[%emt 0:11:36]} Rc8 {[%emt 0:01:10]} 31. Qd1 {[%emt 0:00:08]} Nc4 {[%emt 0:02:50]} 32. g3 {[%emt 0:01:22]} Qg4 {[%emt 0:00:20]} 33. Qd3 {[%emt 0:01:49]} Nxb2 {[%emt 0:04:00]} 34. Qh7+ {[%emt 0:00:56]} Kf8 {[%emt 0:00:01]} 35. Ne5 {[%emt 0:01:00]} Bxe5 {[%emt 0:01:20]} 36. Rxe5 {[%emt 0:02:43]} Qg7 {[%emt 0:07:15]} 37. Qf5 {[%emt 0:00:12]} Qg4 {[%emt 0:01:36]} 38. Qh7 {[%emt 0:00:28]} Qg7 {[%emt 0:00:29]} 39. Qxh5 {[%emt 0:00:48]} Rc1+ {[%emt 0:01:07]} 40. Kg2 {[%emt 0:00:01]} Rxb1 {[%emt 0:00:43]} 41. Qf5 {[%emt 0:03:18]} Qg6 {[%emt 0:03:51]} 42. Qc8+ {[%emt 0:00:15]} Kg7 {[%emt 0:00:02]} 43. Qd8 {[%emt 0:01:11]} a5 {[%emt 0:24:39]} 44. Rg5 {[%emt 0:00:12]} a4 {[%emt 0:00:05]} 45. Rxg6+ {[%emt 0:00:05]} fxg6 {[%emt 0:00:46]} 46. Qc7+ {[%emt 0:00:42]} Kf6 {[%emt 0:00:34]} 47. Qe5+ {[%emt 0:01:12]} Kf7 {[%emt 0:00:11]} 48. Qxd5+ {[%emt 0:00:06]} Kg7 {[%emt 0:00:04]} 49. Qe5+ {[%emt 0:00:09]} Kh7 {[%emt 0:00:09]} 50. Qc7+ {[%emt 0:00:05]} Kh6 {[%emt 0:00:11]} 51. Qc2 {[%emt 0:00:06]} 1-0

[Event "XXXI Torre Memorial 2019"]
[Site "Merida"]
[Date "2019.12.14"]
[Round "1.12"]
[White "Arribas Robaina, Maritza"]
[Black "Miranda Mesa, Elier"]
[Result "0-1"]
[WhiteElo "2199"]
[BlackElo "2477"]
[Annotator "ChessBase"]
[PlyCount "62"]
[EventDate "2019.12.13"]
[EventType "swiss"]
[EventCountry "MEX"]
[SourceTitle "playchess.com"]
[Source "ChessBase"]
[SourceQuality "1"]
[TimeControl "5400+30"]

1. e4 {[%emt 0:00:00]} c6 {[%emt 0:01:04]} 2. d4 {[%emt 0:00:00]} d5 {[%emt 0:00:09]} 3. e5 {[%emt 0:00:14]} Bf5 {[%emt 0:00:12]} 4. Nf3 {[%emt 0:00:22]} e6 {[%emt 0:00:08]} 5. Be2 {[%emt 0:01:06]} Ne7 {[%emt 0:00:46]} 6. O-O {[%emt 0:03:10]} Ng6 {[%emt 0:00:56]} 7. Be3 {[%emt 0:01:23]} Nd7 {[%emt 0:00:19]} 8. Nbd2 {[%emt 0:00:48]} f6 {[%emt 0:00:21]} 9. exf6 {[%emt 0:06:30]} Qxf6 {[%emt 0:01:17]} 10. Bg5 {[%emt 0:01:11]} Qf7 {[%emt 0:00:45]} 11. Nh4 {[%emt 0:01:58]} Bd6 {[%emt 0:22:04]} 12. Bh5 {[%emt 0:05:56]} h6 {[%emt 0:11:26]} 13. Nxg6 {[%emt 0:16:48]} Bxg6 {[%emt 0:00:43]} 14. Bxg6 {[%emt 0:00:06]} Qxg6 {[%emt 0:00:03]} 15. Bh4 {[%emt 0:00:48]} O-O {[%emt 0:06:27]} 16. Nf3 {[%emt 0:02:52]} e5 {[%emt 0:04:27]} 17. dxe5 {[%emt 0:01:53]} Nxe5 {[%emt 0:00:07]} 18. Nxe5 {[%emt 0:00:38]} Bxe5 {[%emt 0:00:05]} 19. c3 {[%emt 0:00:54]} Rae8 {[%emt 0:09:55]} 20. Bg3 {[%emt 0:03:47]} Bf6 {[%emt 0:06:53]} 21. Re1 {[%emt 0:03:15]} h5 {[%emt 0:04:29]} 22. Rxe8 {[%emt 0:04:15]} Rxe8 {[%emt 0:00:11]} 23. h3 {[%emt 0:00:12]} Qf5 {[%emt 0:04:13]} 24. Qd2 {[%emt 0:01:49]} Bg5 {[%emt 0:07:38]} 25. Qd1 {[%emt 0:02:59]} h4 {[%emt 0:00:53]} 26. Bh2 {[%emt 0:03:48]} Qe4 {[%emt 0:01:00]} 27. Bd6 {[%emt 0:08:16]} Re6 {[%emt 0:05:55]} 28. Bb8 {[%emt 0:02:52]} a6 {[%emt 0:06:27]} 29. Ba7 {[%emt 0:03:09]} Bf4 {[%emt 0:00:51]} 30. Qd4 {[%emt 0:10:49]} Qe5 31. Qd1 Qe4 0-1